00597nam a2200169Ia 4500008004100000082001600041100001500057245003700072260002700109300001100136500002400147650002400171942000700195952010400202952010400306999001700410230524s9999 xx 000 0 und d a658.45bGHA aEjaz Ghani 0aService Revolution in South Asia aNEW YORKbOxfordc2010 aVI;382 aQuantity Number: 2 aMiscellaneous91877 cBK 00104070aTATCLbTATCLcGENd2023-05-24l0o658.45 GHAp42678r2023-05-24w2023-05-24yBKzHM3103 00104070aTATCLbTATCLcGENd2023-05-24l0o658.45 GHAp42679r2023-05-24w2023-05-24yBKzHM3103 c49251d49251